<?xml version="1.0" encoding="UTF-8"?>
<record
    xmlns:xsi="http://www.w3.org/2001/XMLSchema-instance"
    xsi:schemaLocation="http://www.loc.gov/MARC21/slim http://www.loc.gov/standards/marcxml/schema/MARC21slim.xsd"
    xmlns="http://www.loc.gov/MARC21/slim">

  <leader>01426nam a22002537a 4500</leader>
  <controlfield tag="005">20260129144846.0</controlfield>
  <controlfield tag="008">260129b        |||||||| |||| 00| 0 eng d</controlfield>
  <datafield tag="020" ind1=" " ind2=" ">
    <subfield code="a">9780801018824</subfield>
  </datafield>
  <datafield tag="040" ind1=" " ind2=" ">
    <subfield code="c">AL</subfield>
  </datafield>
  <datafield tag="041" ind1=" " ind2=" ">
    <subfield code="a">English</subfield>
  </datafield>
  <datafield tag="082" ind1=" " ind2=" ">
    <subfield code="a">158.1</subfield>
    <subfield code="b">HYAL</subfield>
  </datafield>
  <datafield tag="100" ind1=" " ind2=" ">
    <subfield code="a">Michael Hyatt</subfield>
    <subfield code="9">253153</subfield>
  </datafield>
  <datafield tag="245" ind1=" " ind2=" ">
    <subfield code="a">Living forward</subfield>
    <subfield code="b">: a proven plan to stop drifting and get the life you want</subfield>
  </datafield>
  <datafield tag="260" ind1=" " ind2=" ">
    <subfield code="a">Michigan</subfield>
    <subfield code="b">BakerBooks</subfield>
    <subfield code="c">2016</subfield>
  </datafield>
  <datafield tag="300" ind1=" " ind2=" ">
    <subfield code="a">203p.</subfield>
    <subfield code="b">PB</subfield>
    <subfield code="c">21.5x14cm</subfield>
  </datafield>
  <datafield tag="365" ind1=" " ind2=" ">
    <subfield code="a">XIHG-290485</subfield>
    <subfield code="b">&#x20B9;1350.69</subfield>
    <subfield code="c">&#x20B9;</subfield>
    <subfield code="d">&#x20B9;1392.00</subfield>
    <subfield code="f">14-01-2026</subfield>
  </datafield>
  <datafield tag="520" ind1=" " ind2=" ">
    <subfield code="a">If you're like most people, you want to lead a life of meaning and significance, joy and satisfaction.
New York Times bestselling author Michael Hyatt and executive coach Daniel Harkavy have both lived the very same story but they rewrote the ending. And their book Living Forward will help you do the same thing.
In this step-by-step guide, Hyatt and Harkavy share simple but proven principles to help you stop drifting, design a Life Plan with the end in mind, and chart a path that will take you there. And you can work the process in just one day.
Imagine trading just twenty-four hours for the life you really want. It's possible, and Living Forward shows you how.</subfield>
  </datafield>
  <datafield tag="650" ind1=" " ind2=" ">
    <subfield code="a">Self Helf</subfield>
    <subfield code="9">253056</subfield>
  </datafield>
  <datafield tag="650" ind1=" " ind2=" ">
    <subfield code="a">Personal Transformation</subfield>
    <subfield code="9">253057</subfield>
  </datafield>
  <datafield tag="650" ind1=" " ind2=" ">
    <subfield code="a">Success</subfield>
    <subfield code="9">253058</subfield>
  </datafield>
  <datafield tag="650" ind1=" " ind2=" ">
    <subfield code="a">Time Management </subfield>
    <subfield code="9">253059</subfield>
  </datafield>
  <datafield tag="700" ind1=" " ind2=" ">
    <subfield code="a">Harkavy, Daniel</subfield>
    <subfield code="9">253060</subfield>
  </datafield>
  <datafield tag="942" ind1=" " ind2=" ">
    <subfield code="2">ddc</subfield>
    <subfield code="c">BK</subfield>
  </datafield>
  <datafield tag="999" ind1=" " ind2=" ">
    <subfield code="c">240837</subfield>
    <subfield code="d">240837</subfield>
  </datafield>
  <datafield tag="952" ind1=" " ind2=" ">
    <subfield code="0">0</subfield>
    <subfield code="1">0</subfield>
    <subfield code="2">ddc</subfield>
    <subfield code="4">0</subfield>
    <subfield code="7">0</subfield>
    <subfield code="8">MAN</subfield>
    <subfield code="a">AL</subfield>
    <subfield code="b">AL</subfield>
    <subfield code="c">SK</subfield>
    <subfield code="d">2026-01-14</subfield>
    <subfield code="e">amazon.in</subfield>
    <subfield code="g">1350.69</subfield>
    <subfield code="l">0</subfield>
    <subfield code="o">158.1 HYAL</subfield>
    <subfield code="p">078075</subfield>
    <subfield code="r">2026-01-29 10:25:44</subfield>
    <subfield code="v">1392.00</subfield>
    <subfield code="w">2026-01-14</subfield>
    <subfield code="y">BK</subfield>
  </datafield>
</record>
